Problemas resueltos de mecánica de suelos y cimentaciones
Պահպանված է:
| Հիմնական հեղինակ: | |
|---|---|
| Ձևաչափ: | Գիրք |
| Լեզու: | իսպաներեն |
| Հրապարակվել է: |
Cuernavaca
Limusa
2008
|
| Խորագրեր: | |
| Ցուցիչներ: |
Ավելացրեք ցուցիչ
Չկան պիտակներ, Եղեք առաջինը, ով նշում է այս գրառումը!
|
MARC
| LEADER | 00000nam a2200000 a 4500 | ||
|---|---|---|---|
| 001 | UCH9040 | ||
| 003 | CL-VaPUC | ||
| 008 | 091217e20080000MX |||||||||||||||||spa|d | ||
| 020 | |a 9789681819385 | ||
| 082 | 0 | 4 | |a 624.151 |b CRE |2 21 |
| 100 | 0 | |a Crespo Villalaz, Carlos |e author |9 545857 | |
| 245 | 1 | 0 | |a Problemas resueltos de mecánica de suelos y cimentaciones |
| 300 | |a 163 p | ||
| 942 | |c BK | ||
| 945 | |d 20091217 00:00:00 |a dcastane | ||
| 260 | |a Cuernavaca |b Limusa |c 2008 | ||
| 650 | 0 | |a Mecánica de suelos |9 260278 | |
| 650 | 7 | |a FISICA DE SUELOS |2 CL-VaPUC |9 545858 | |
| 650 | 0 | |a Análisis de suelos |9 524831 | |
| 650 | 7 | |a CIMENTACIONES |2 CL-VaPUC |9 260323 | |
| 650 | 7 | |a PILOTES |2 CL-VaPUC |9 363915 | |
| 583 | |a last modification |c 20180402 12:39:04 |k Rodrigo Vera | ||
| 999 | |c 339108 |d 339106 | ||
| 952 | |0 0 |1 0 |4 0 |6 624_151000000000000_CRE_2008 |7 0 |8 A |9 432536 |a BIBING |b BIBING |d 2019-11-22 |i 4627636 |l 2 |o 624.151 CRE 2008 |p 4627636 |r 2025-01-20 |s 2023-05-19 |w 2019-11-22 |y BK |k CCL | ||